Tres estudios y un ensayo sobre temas forestales de la Guinea continental española / (Record no. 40120)

MARC details
000 -LEADER
campo de control de longitud fija 00775nam a2200193 i 4500
001 - NÚMERO DE CONTROL
campo de control 40120
003 - IDENTIFICADOR DE NÚMERO DE CONTROL
campo de control ES-MaACL
005 - FECHA Y HORA DE LA ÚLTIMA TRANSACCIÓN
campo de control 20230906160139.0
007 - CAMPO FIJO DE DESCRIPCIÓN FÍSICA--INFORMACIÓN GENERAL
campo de control de longitud fija t|
008 - DATOS DE LONGITUD FIJA--INFORMACIÓN GENERAL
campo de control de longitud fija 030305s1949 sp ||||1| spa d
100 1# - ENTRADA PRINCIPAL--NOMBRE DE PERSONA
Nombre de persona Capdevielle, Juan Manuel.
9 (RLIN) 34789
245 10 - MENCIÓN DEL TÍTULO
Título Tres estudios y un ensayo sobre temas forestales de la Guinea continental española /
Mención de responsabilidad, etc. Juan Manuel Capdevielle.
260 ## - PUBLICACIÓN, DISTRIBUCIÓN, ETC.
Lugar de publicación, distribución, etc. Madrid :
Nombre del editor, distribuidor, etc. Ares,
Fecha de publicación, distribución, etc. 1949.
300 ## - DESCRIPCIÓN FÍSICA
Extensión 235 p. :
Otras características físicas il., 8 gráf. ;
Dimensiones 27 cm.
500 ## - NOTA GENERAL
Nota general Precede al tít.: Consejo Superior de Investigaciones Científicas, Instituto de Estudios Africanos.
710 2# - ENTRADA AGREGADA--NOMBRE DE ENTIDAD CORPORATIVA
Nombre de entidad corporativa o nombre de jurisdicción como elemento de entrada Instituto de Estudios Africanos.
9 (RLIN) 4881
740 0# - ENTRADA AGREGADA--TÍTULO RELACIONADO/ANALÍTICO NO CONTROLADO
Título relacionado o analítico no controlado 3 estudios y un ensayo sobre temas forestales de la Guinea continental española.
852 ## - LOCALIZACIÓN
Ubicación ES-MaACL
Número de control de estantería B-2953
Sublocalización o colección R.30013
Holdings
Estatus retirado Estado de pérdida Estado de daño No para préstamo Biblioteca de origen Biblioteca actual Ubicación en estantería Fecha de adquisición Fuente de adquisición Total de préstamos Signatura topográfica completa Código de barras Visto por última vez Precio de reemplazo Tipo de ítem Koha
        Biblioteca del Ateneo de Madrid Biblioteca del Ateneo de Madrid Sala Pardo Bazán 17/01/2008     B-2953 1042240 23/02/2023 23/02/2023 Libro impreso